|
|
|
|
| LEADER |
00823nta a2200205 i 4500 |
| 001 |
dipl132619 |
| 005 |
20230316120024.0 |
| 008 |
230118s2015 hu om 0|| hun d |
| 040 |
|
|
|a SZTE Diploma Repozitórium
|b hun
|
| 041 |
|
|
|a hun
|
| 100 |
1 |
|
|a Szelei Erika
|
| 245 |
1 |
2 |
|a A vadászati jog egyes elemei, különös tekintettel a vadkárért való felelősségre
|h [elektronikus dokumentum] /
|c Erika Szelei
|
| 246 |
1 |
0 |
|a The elements of hunting law with a focus on responsibility for wildlife damage
|h [elektronikus dokumentum]
|
| 260 |
|
|
|c 2015
|
| 650 |
|
4 |
|a Jogi és igazgatási tanulmányok
|
| 650 |
|
4 |
|a Social sciences
|
| 650 |
|
4 |
|a Law
|
| 650 |
|
4 |
|a Private, public and social law
|
| 700 |
1 |
|
|a Hegyes Péter István
|e ths
|
| 856 |
4 |
0 |
|u https://diploma.bibl.u-szeged.hu/id/eprint/132619/1/2015_szelei_erika.pdf
|z Dokumentum-elérés
|